| 000 | 00683nam a2200253 4500 | ||
|---|---|---|---|
| 001 | 2055 | ||
| 010 | _a9789895820726 | ||
| 021 |
_aPT _b547255/25 |
||
| 090 | _a2055 | ||
| 100 | _a20260213d2025 m||y0pory50030103ba | ||
| 101 | _apor | ||
| 102 | _aPT | ||
| 200 |
_aQuero ser os teus Domingos _fJosé Eduardo Agualusa |
||
| 205 | _a1ª edição | ||
| 210 |
_aLisboa _cQuetzal _d2025 |
||
| 215 |
_a228, [4] p. _d24 cm |
||
| 225 | _aObras de José Eduardo Agualusa | ||
| 300 | _aBMB-Registado | ||
| 606 |
_91192 _aLiteratura Angolana |
||
| 606 |
_9779 _aRomance |
||
| 675 |
_a821.134.3(673)-31 _vBMB _zpor |
||
| 700 |
_aAgualusa _bJosé Eduardo _f1960- _91135 |
||
| 801 |
_aPT _bBMB _gRPC |
||
| 990 | _cLIVROS | ||